[Event "Rishon Le Ziyyon-ch U18"]
[Site "Rishon Le Ziyyon"]
[Date "2023.03.30"]
[Round "4"]
[White "Gurevich, Neria"]
[Black "Goldberg, Yoni"]
[Result "1-0"]
[WhiteElo "1703"]
[BlackElo "1222"]
[PlyCount "123"]
[EventDate "2023.03.28"]
[EventType "swiss"]
[EventRounds "9"]
[EventCountry "ISR"]
[SourceTitle "CBM 213 Extra"]
[Source "ChessBase"]
[SourceDate "2023.05.31"]
[SourceVersion "1"]
[SourceVersionDate "2023.05.31"]
[SourceQuality "1"]

1. d4 Nf6 2. c4 g6 3. Nc3 d5 4. cxd5 Nxd5 5. e4 Nxc3 6. bxc3 Bg7 7. Bc4 0-0 8. Ne2 Nc6 9. 0-0 e6 10. Be3 Bd7 11. f4 Kh8 12. Rf3 Na5 13. Bd3 f5 14. Rg3 Nc6 15. Qf1 Ne7 16. e5 Bc6 17. c4 b6 18. Qf2 Ng8 19. Nc3 Nh6 20. Be2 Qe7 21. d5 Bb7 22. Rd1 Rad8 23. Qe1 Rd7 24. Bf3 Ba6 25. Rd4 Rfd8 26. Qd2 Qe8 27. Nb5 Bxb5 28. cxb5 Qf7 29. d6 cxd6 30. Bc6 d5 31. Bxd7 Rxd7 32. Bf2 Bf8 33. h3 Bc5 34. Rdd3 Qe7 35. Qc2 Nf7 36. Rc3 Rc7 37. Rgd3 Nd8 38. Qa4 Nf7 39. Bxc5 bxc5 40. Qa3 d4 41. Rc4 g5 42. g3 gxf4 43. gxf4 Nd8 44. Rg3 Nf7 45. Qf3 Rd7 46. Qa3 Rc7 47. Qa5 Nd8 48. b6 axb6 49. Qxb6 Nc6 50. Rxc5 Qd7 51. Qa6 Nb8 52. Qa3 Rc8 53. Rxc8+ Qxc8 54. h4 Nc6 55. Qc5 Qe8 56. Qd6 Nd8 57. Qxd4 Nf7 58. a4 Qd8 59. Qxd8+ Nxd8 60. a5 Nc6 61. a6 Na7 62. Rb3 1-0